Science True or False - Statistics

General Stats
  • This quiz has been taken 40,115 times
  • The average score is 11 of 15
Answer Stats
Question Answer % Correct
Humans are the only animals capable of using tools False
90%
Plant cells have a cell wall True
90%
There are parts of the moon that are never visible from Earth True
88%
Whales can breathe under water False
87%
Insects are animals True
79%
Every planet in the solar system has at least one known moon False
78%
It is impossible to break apart an atom False
77%
The Earth is larger than Mars True
76%
The Earth has never been warmer than it is right now False
73%
Birds have placentas False
72%
Giant pandas are bears True
70%
Most modern humans have DNA from Neanderthals True
68%
The Earth's magnetic poles can swap places True
63%
Water always boils at 100° Celsius, plus or minus 1 degree False
51%
The Pacific Ocean is growing wider over time False
27%
No matching quizzes found
Score Distribution
Percent of People with Each Score
Percentile by Number Answered
Your Score History
You have not taken this quiz